Hlinka, J.: Bratislavská mincovňa

Bibliographic Details
Main Authors: Minarovičová, Elena, 1936- (Author), Hlinka, Jozef, 1925-1992 (Author)
Format: Article
Language:Slovak
Subjects:

MARC

LEADER 00000nab a2200000 a 4500
001 vtls000167560
003 SK-MaSNL
005 20260426075446.0
008 250422c1983 xo 0 slo
015 |a SNBRB19rr/mm-uuuuu 
035 |a CL0177671 
035 |a urn:nbn:sk:snk-ab2mkv 
035 |a (urnnbn)urn:nbn:sk:snk:ar-a02na0 
035 |a (uuid)5ca04ecf-62c7-4f2c-bc91-b07fde28e819 
040 |a SNKBUCL  |b slo  |c SNKBUCL  |e AACR2 
041 0 |a slo 
044 |a xo  |c SK 
080 |a 737.11(437.6-25)(091)  |2 1981 
100 1 |a Minarovičová, Elena,  |d 1936-  |4 aut  |9 55198 
245 1 0 |a Hlinka, J.: Bratislavská mincovňa  |c Elena Minarovičová ; Jozef Hlinka 
650 0 7 |a mincovníctvo  |2 snkbucl  |9 30122 
651 7 |a Bratislava (Slovensko)  |2 snkbucl  |9 14568 
655 7 |a články z novín a časopisov  |2 snkbucl  |9 267496 
700 1 |a Hlinka, Jozef,  |d 1925-1992  |4 aut  |9 105340 
773 0 |t Múzeum  |g Roč. 28, č. 2 (1983), s. 113 
787 0 8 |i Rec.:  |a Hlinka, Jozef  |t Bratislavská mincovňa  |d Bratislava : Obzor, 1982 
850 |a Slovenská národná knižnica 
852 |a Slovenská národná knižnica 
954 |a odborná, vedecká literatúra pôvodná (slovenská)  |2 lita 
957 |a 5100 
958 |a article27 
958 |a OND 
958 |a EUIPO 
992 |a RBX 
999 |c 2774113  |d 2776043